[Event "Hilversum op"]
[Site "Hilversum"]
[Date "2019.06.21"]
[Round "1"]
[White "Taal, Rieks"]
[Black "L'Ami, Erwin"]
[Result "1-0"]
[WhiteElo "2090"]
[BlackElo "2648"]
[PlyCount "105"]
[EventDate "2019.06.21"]
[EventType "swiss"]
[EventRounds "6"]
[EventCountry "NED"]
[SourceTitle "CBM 191 Extra"]
[Source "ChessBase"]
[SourceDate "2019.09.30"]
[SourceVersion "1"]
[SourceVersionDate "2019.09.30"]
[SourceQuality "1"]

1. d4 Nf6 2. c4 e6 3. Nc3 Bb4 4. Qc2 c5 5. dxc5 0-0 6. Nf3 Na6 7. g3 Nxc5 8. Bg2 Nce4 9. 0-0 Bxc3 10. bxc3 Qc7 11. Nd4 d5 12. cxd5 exd5 13. Ba3 Re8 14. Rac1 Qc4 15. f3 Nc5 16. Rf2 Bd7 17. Bf1 Rac8 18. e4 Qa4 19. Qxa4 Nxa4 20. Nb5 dxe4 21. Nd6 e3 22. Rfc2 Nd5 23. Nxc8 Rxc8 24. Bd3 Bc6 25. Be4 Re8 26. c4 Ndb6 27. Bxc6 bxc6 28. Kf1 f5 29. Ke2 c5 30. Rd1 g5 31. Rd6 Kf7 32. Rc6 f4 33. Bxc5 Nxc5 34. Rxc5 Kf6 35. Rc7 Ke5 36. Rxa7 Kd4 37. a4 Re6 38. gxf4 Rh6 39. Kf1 Kd3 40. fxg5 Rh3 41. Ra2 Rxf3+ 42. Ke1 Nxc4 43. Rd7+ Ke4 44. a5 Ne5 45. Ra4+ Kf5 46. Rd8 Kg6 47. a6 Rf2 48. Re4 Nf3+ 49. Kd1 Ra2 50. Rxe3 Nxh2 51. Rd6+ Kxg5 52. Re7 h5 53. a7 1-0

[Event "Groningen op-A 55th"]
[Site "Groningen"]
[Date "2017.12.27"]
[Round "6"]
[White "Wedda, Dries"]
[Black "Taal, Rieks"]
[Result "1/2-1/2"]
[WhiteElo "2157"]
[BlackElo "2088"]
[PlyCount "67"]
[EventDate "2017.12.22"]
[EventType "swiss"]
[EventRounds "9"]
[EventCountry "NED"]
[SourceTitle "CBM 182 Extra"]
[Source "ChessBase"]
[SourceDate "2018.02.23"]
[SourceVersion "1"]
[SourceVersionDate "2018.02.23"]
[SourceQuality "1"]

1. d4 Nf6 2. c4 e6 3. g3 d5 4. Nf3 Be7 5. Bg2 0-0 6. 0-0 dxc4 7. Qc2 a6 8. a4 Bd7 9. Qxc4 Bc6 10. Bg5 Bd5 11. Qc2 Be4 12. Qc1 h6 13. Bxf6 Bxf6 14. Nc3 Bh7 15. Rd1 c6 16. b4 Qb6 17. Qb2 a5 18. b5 Rd8 19. e3 Nd7 20. Nd2 cxb5 21. axb5 Rac8 22. Rdc1 Qa7 23. Na4 b6 24. Rc6 Nc5 25. Rxc8 Rxc8 26. Qc1 Rd8 27. Ra3 Nxa4 28. Rxa4 Qd7 29. Bc6 Rc8 30. Rc4 Qa7 31. e4 Rd8 32. e5 Bg5 33. f4 Be7 34. Be4 1/2-1/2

[Event "Groningen op-A 55th"]
[Site "Groningen"]
[Date "2017.12.23"]
[Round "3"]
[White "Taal, Rieks"]
[Black "Kokje, Joris"]
[Result "1/2-1/2"]
[WhiteElo "2088"]
[BlackElo "2282"]
[PlyCount "52"]
[EventDate "2017.12.22"]
[EventType "swiss"]
[EventRounds "9"]
[EventCountry "NED"]
[SourceTitle "CBM 182 Extra"]
[Source "ChessBase"]
[SourceDate "2018.02.23"]
[SourceVersion "1"]
[SourceVersionDate "2018.02.23"]
[SourceQuality "1"]

1. d4 Nf6 2. c4 g6 3. Nc3 Bg7 4. g3 0-0 5. Bg2 d6 6. Nf3 Nc6 7. 0-0 a6 8. b3 Rb8 9. d5 Na5 10. Bd2 c5 11. dxc6 Nxc6 12. Rc1 Bd7 13. Nd5 Nxd5 14. cxd5 Ne5 15. Nxe5 Bxe5 16. Bc3 Bxc3 17. Rxc3 Qa5 18. Qd2 Rbc8 19. Rfc1 Rc5 20. R1c2 Rxc3 21. Rxc3 Kg7 22. Qc2 Rb8 23. h4 Qd8 24. e4 Rc8 25. Rxc8 Qxc8 26. Qxc8 Bxc8 1/2-1/2

[Event "Groningen op-A 53rd"]
[Site "Groningen"]
[Date "2015.12.29"]
[Round "8"]
[White "Taal, Rieks"]
[Black "Chaurette, Laurent"]
[Result "1/2-1/2"]
[WhiteElo "2071"]
[BlackElo "1987"]
[PlyCount "74"]
[EventDate "2015.12.21"]
[EventType "swiss"]
[EventRounds "9"]
[EventCountry "NED"]
[SourceTitle "CBM 170 Extra"]
[Source "ChessBase"]
[SourceDate "2016.02.25"]
[SourceVersion "1"]
[SourceVersionDate "2016.02.25"]
[SourceQuality "1"]

1. c4 e5 2. Nc3 Nf6 3. Nf3 Nc6 4. d4 exd4 5. Nxd4 Bc5 6. Nxc6 bxc6 7. g3 Ng4 8. e3 Ne5 9. f4 Ng6 10. Ne4 Bb4+ 11. Bd2 Qe7 12. Qf3 Rb8 13. 0-0-0 f5 14. Nf2 Ba6 15. b3 Qf6 16. Kb1 0-0 17. Bxb4 Rxb4 18. Nd3 Rb6 19. Nc5 Rfb8 20. e4 Bc8 21. Nxd7 Bxd7 22. Rxd7 fxe4 23. Qe3 a5 24. Rd4 a4 25. c5 Rxb3+ 26. axb3 Rxb3+ 27. Qxb3+ axb3 28. Bc4+ Kh8 29. Rxe4 h5 30. Bxb3 Qc3 31. Bc2 Qxc5 32. Rd1 Nf8 33. Rd8 g6 34. Ree8 Qg1+ 35. Kb2 Qb6+ 36. Kc1 Qg1+ 37. Kb2 Qb6+ 1/2-1/2

[Event "Groningen op-A 53rd"]
[Site "Groningen"]
[Date "2015.12.23"]
[Round "3"]
[White "Ernst, Michael"]
[Black "Taal, Rieks"]
[Result "1/2-1/2"]
[WhiteElo "2177"]
[BlackElo "2071"]
[PlyCount "41"]
[EventDate "2015.12.21"]
[EventType "swiss"]
[EventRounds "9"]
[EventCountry "NED"]
[SourceTitle "CBM 170 Extra"]
[Source "ChessBase"]
[SourceDate "2016.02.25"]
[SourceVersion "1"]
[SourceVersionDate "2016.02.25"]
[SourceQuality "1"]

1. d4 d5 2. Nf3 Nf6 3. e3 Bg4 4. c4 Bxf3 5. Qxf3 c6 6. Nc3 e6 7. Bd3 Bd6 8. 0-0 0-0 9. e4 dxe4 10. Nxe4 Be7 11. Rd1 Qxd4 12. Bg5 Qe5 13. Nxf6+ Bxf6 14. Bxf6 Qxf6 15. Qxf6 gxf6 16. Be2 Na6 17. Rd6 Rfd8 18. Rad1 Rxd6 19. Rxd6 Rc8 20. a3 Kf8 21. Kf1 1/2-1/2